Governance and accountability : (Record no. 9354)

MARC details
000 -LEADER
fixed length control field 00720 a2200205 4500
010 ## - LIBRARY OF CONGRESS CONTROL NUMBER
LC control number ENG-88851
020 ## - INTERNATIONAL STANDARD BOOK NUMBER
International Standard Book Number 0195689313
Terms of availability 595.00
035 ## - SYSTEM CONTROL NUMBER
System control number EN-72384
037 ## - SOURCE OF ACQUISITION
Source of stock number/acquisition DBAD / PUB
082 ## - DEWEY DECIMAL CLASSIFICATION NUMBER
Classification number 338.60954
090 ## - LOCALLY ASSIGNED LC-TYPE CALL NUMBER (OCLC); LOCAL CALL NUMBER (OCLC)
-- 9528
-- 9528
100 1# - MAIN ENTRY--PERSONAL NAME
Personal name Ghosh, D.N.
245 1# - TITLE STATEMENT
Title Governance and accountability :
Remainder of title essays on the Indian financial and corporate sectors /
Statement of responsibility, etc by D.N. Ghosh
260 ## - PUBLICATION, DISTRIBUTION, ETC. (IMPRINT)
Place of publication, distribution, etc New Delhi
Name of publisher, distributor, etc Oxford University Press
Date of publication, distribution, etc 2007
270 ## - ADDRESS
Address YMCA Library Building, Jai Singh Road
State or province New Delhi
Postal code 110 001
300 ## - PHYSICAL DESCRIPTION
Extent x, 257p.
Dimensions 22cm (Hb)
500 ## - GENERAL NOTE
General note Includes index
942 ## - ADDED ENTRY ELEMENTS (KOHA)
Institution code [OBSOLETE] dpl
Koha item type English Books
Call number prefix 338.60954 / GHO
Holdings
Withdrawn status Lost status Source of classification or shelving scheme Damaged status Not for loan Collection code Home library Current library Source of acquisition Cost, normal purchase price Total Checkouts Full call number Barcode Date last seen Copy number Uniform Resource Identifier Cost, replacement price Price effective from Koha item type
    Dewey Decimal Classification   Not For Loan Non-fiction D.B.Act.Division D.B.Act.Division DBAD/PUB 595.00   338.60954 GHO EN-72384 15/09/2008 1 10336 595.00 15/09/2008 English Books

© Delhi Public Library
Hit Counter
free hit counter